| 000 | 01181nam a2200373 a 4500 | ||
|---|---|---|---|
| 001 | 60089 | ||
| 003 | CO-BoRNBP | ||
| 005 | 20251209195500.0 | ||
| 007 | ta | ||
| 008 | 880802s1985 sp a r 00010bspa d | ||
| 020 | _a8434581612 | ||
| 040 |
_ala _cla |
||
| 041 | 1 |
_aspa _hger |
|
| 082 | 0 | 4 |
_a921.3 _bN43f _219 ed. |
| 100 | 1 |
_aFrenzel, Ivo. _967722 |
|
| 245 | 1 | 0 |
_aNietzsche / _cIvo Frenzel ; prólogo Miguel Morey ; traducción del alemán a cargo de Rosa Pilar Blanco. |
| 250 | _a1a. edición | ||
| 300 |
_a191 p. : _bil. ; _c20 cm. |
||
| 336 |
_2rdacontent _atexto _btxt |
||
| 337 |
_2rdamedia _asin mediación _bn |
||
| 338 |
_2rdacarrier _avolumen _bnc |
||
| 500 | _aColección Jorge Ortega Torres. | ||
| 504 | _aIncluye bibliografía. | ||
| 600 | 1 | 7 |
_aNietzsche, Friedrich Wilhelm, _d1844-1900. _939946 |
| 650 | _2LEMB | ||
| 700 | 1 |
_aMorey, Miguel, _d1950- _967723 |
|
| 700 | 1 |
_aBlanco, Rosa Pilar, _etr. _961002 |
|
| 830 | 0 |
_aJorge Ortega Torres-Colección _942595 |
|
| 830 | 0 |
_aBiblioteca Ulpiano Ayala _942930 |
|
| 830 | 0 |
_aJesús Antonio Bejarano-Colección _964342 |
|
| 830 | 0 | _aBernardo Ramírez-Colección 1 | |
| 942 |
_2ddc _cBK |
||
| 949 |
_an _bn |
||
| 999 |
_c60089 _d60089 |
||